000 01069nam a2200325 i 4500
003 DO-SdBNP
005 20231019104348.0
006 a||||gr|||| 00| 0
007 ta
008 231009e2018 sp ||||| |||| 00| e spa d
020 _a9788490653913
040 _aDO-SdBNP
_bspa
_cBNPHU
_erda
082 4 _a823.3
_bG248h
_222
100 1 _aGaskell, Elizabeth
_eautor
_984465
240 _aWives and daughters
_lEspañol
245 1 0 _aHijas y esposas :
_buna historia cotidiana /
_cElizabeth Gaskell ; traduccion, Damian Alou
264 4 _aMadrid :
_bAlba Minus,
_c2018
300 _a764 páginas ;
_c2 cm.
336 _2rdacontent
_atexto
_btxt
337 _2rdamedia
_asin mediación
_bn
338 _2rdacarrier
_avolumen
_bnc
490 0 _aClásicos ;
_v66
500 _aIncluye datos biográficos de la autora en la solapa de la cubierta
590 _aInventariado 2023 / DG
650 4 _aNovela inglesa
_91071
650 4 _aLiteratura inglesa
_9498
700 _916296
_a Alou, Damian
_etr.
910 _aDG/Validado. Control de calidad MFF
942 _2ddc
_cLBS1
999 _c55157
_d55157